<?xml version="1.0" encoding="UTF-8"?>
<collection xmlns:xsi="http://www.w3.org/2001/XMLSchema-instance" xsi:schemaLocation="http://www.loc.gov/MARC21/slim http://www.loc.gov/standards/marcxml/schema/MARC21slim.xsd" xmlns="http://www.loc.gov/MARC21/slim">
 <record>
  <leader>00000cam a22000004i 4500</leader>
  <controlfield tag="001">UP-99796217611813574</controlfield>
  <controlfield tag="003">Buklod</controlfield>
  <controlfield tag="005">20151011220210.0</controlfield>
  <controlfield tag="006">a     r    |||| u|</controlfield>
  <controlfield tag="007">ta</controlfield>
  <controlfield tag="008">151011s2012    xx     d     r    |||| u|</controlfield>
  <datafield tag="020" ind1=" " ind2=" ">
   <subfield code="a">9780691154800</subfield>
  </datafield>
  <datafield tag="035" ind1=" " ind2=" ">
   <subfield code="a">(iLib)UPD-00249811016</subfield>
  </datafield>
  <datafield tag="040" ind1=" " ind2=" ">
   <subfield code="a">DLC</subfield>
   <subfield code="d">DCAL</subfield>
   <subfield code="e">rda</subfield>
  </datafield>
  <datafield tag="041" ind1="0" ind2=" ">
   <subfield code="a">eng</subfield>
  </datafield>
  <datafield tag="042" ind1=" " ind2=" ">
   <subfield code="a">DMLUC</subfield>
  </datafield>
  <datafield tag="090" ind1=" " ind2=" ">
   <subfield code="a">DK 905</subfield>
   <subfield code="b">N66 2012</subfield>
  </datafield>
  <datafield tag="245" ind1="0" ind2="0">
   <subfield code="a">Nomads and networks</subfield>
   <subfield code="b">the ancient art and culture of Kazakhstan</subfield>
   <subfield code="c">edited by Soren Stark and Karen S. Rubinson with Zainolla S. Samashev and Jennifer Y. Chi ; including contributions by Nursan Alimbai ... [and eight others].</subfield>
  </datafield>
  <datafield tag="264" ind1=" " ind2="1">
   <subfield code="a">[New York]</subfield>
   <subfield code="b">Institute for the Study of the Ancient World</subfield>
   <subfield code="c">[2012]</subfield>
  </datafield>
  <datafield tag="300" ind1=" " ind2=" ">
   <subfield code="a">195 pages</subfield>
   <subfield code="b">illustrations (some color), maps</subfield>
   <subfield code="c">31 cm</subfield>
  </datafield>
  <datafield tag="336" ind1=" " ind2=" ">
   <subfield code="a">text</subfield>
   <subfield code="2">rdacontent</subfield>
  </datafield>
  <datafield tag="337" ind1=" " ind2=" ">
   <subfield code="a">unmediated</subfield>
   <subfield code="2">rdamedia</subfield>
  </datafield>
  <datafield tag="338" ind1=" " ind2=" ">
   <subfield code="a">volume</subfield>
   <subfield code="2">rdacarrier</subfield>
  </datafield>
  <datafield tag="500" ind1=" " ind2=" ">
   <subfield code="a">Catalogue from the exhibition held at the Institute for the Study of the Ancient World at New York University, March 7-June 3, 2012.</subfield>
  </datafield>
  <datafield tag="504" ind1=" " ind2=" ">
   <subfield code="a">Includes bibliographical references.</subfield>
  </datafield>
  <datafield tag="505" ind1="0" ind2=" ">
   <subfield code="a">The roots of Iron Age pastoral nomadic culture / Nikolay A. Bokovenko and Zainolla S. Samashev -- The Berel Kurgans: some results of investigation / Zainolla S. Samashev -- Results of multidisciplinary studies and reconstructions of materials from the Baigetobe Kurgan at Shilikty / Abdesh T. Toleubaev, Al-Farabi Kazakh -- Some questions regarding the rock art of Kazakhstan / Sagynbay Myrgabayev -- Burial practices and social roles of Iron Age mobile pastoralists / Karen S. Rubinson -- Mounted warfare and its sociopolitical implications / Bryan K. Hanks -- Nomads and their networks: elites and their connections to the outside world / Sören Stark -- Cycles of Iron Age mobility and sedentism: climate, landscape, and material culture in southeastern Kazakhstan / Claudia Chang -- Society and culture of the nomads of central Asia through time / Nursan Alimbai.</subfield>
  </datafield>
  <datafield tag="520" ind1=" " ind2=" ">
   <subfield code="a">Presents an unparalleled overview of the sophisticated culture of pastoral nomadic populations who lived on the territory of present-day Kazakhstan from roughly the middle of the first millennium BCE to the early centuries CE.--Book Jacket.</subfield>
  </datafield>
  <datafield tag="650" ind1=" " ind2="0">
   <subfield code="a">Decorative arts</subfield>
   <subfield code="z">Kazakhstan</subfield>
   <subfield code="x">History.</subfield>
  </datafield>
  <datafield tag="650" ind1=" " ind2="0">
   <subfield code="a">Decorative arts</subfield>
   <subfield code="z">Kazakhstan</subfield>
   <subfield code="x">History</subfield>
   <subfield code="v">Exhibitions.</subfield>
  </datafield>
  <datafield tag="651" ind1=" " ind2="0">
   <subfield code="a">Kazakhstan</subfield>
   <subfield code="x">Antiquities.</subfield>
  </datafield>
  <datafield tag="651" ind1=" " ind2="0">
   <subfield code="a">Kazakhstan</subfield>
   <subfield code="x">Antiquities</subfield>
   <subfield code="v">Exhibitions.</subfield>
  </datafield>
  <datafield tag="700" ind1="1" ind2=" ">
   <subfield code="a">Stark, Soren</subfield>
   <subfield code="e">editor.</subfield>
  </datafield>
  <datafield tag="700" ind1="1" ind2=" ">
   <subfield code="a">Rubinson, Karen Sydney</subfield>
   <subfield code="d">1943-</subfield>
   <subfield code="e">editor.</subfield>
  </datafield>
  <datafield tag="700" ind1="1" ind2=" ">
   <subfield code="a">Samashev, Z. S.</subfield>
   <subfield code="q">(Zainolla Samashevich)</subfield>
   <subfield code="e">editor.</subfield>
  </datafield>
  <datafield tag="700" ind1="1" ind2=" ">
   <subfield code="a">Chi, Jennifer</subfield>
   <subfield code="e">editor.</subfield>
  </datafield>
  <datafield tag="700" ind1="1" ind2=" ">
   <subfield code="a">Alimbai, Nursan</subfield>
   <subfield code="e">contributor.</subfield>
  </datafield>
  <datafield tag="856" ind1="4" ind2="2">
   <subfield code="3">Contributor biographical information</subfield>
   <subfield code="u">http://catdir.loc.gov/catdir/enhancements/fy1303/2011943869-b.html</subfield>
  </datafield>
  <datafield tag="856" ind1="4" ind2="2">
   <subfield code="3">Publisher description</subfield>
   <subfield code="u">http://catdir.loc.gov/catdir/enhancements/fy1303/2011943869-d.html</subfield>
  </datafield>
  <datafield tag="905" ind1=" " ind2=" ">
   <subfield code="a">FO</subfield>
  </datafield>
  <datafield tag="852" ind1="0" ind2=" ">
   <subfield code="a">UPD</subfield>
   <subfield code="b">DCAL</subfield>
   <subfield code="h">DK 905 N66 2012</subfield>
  </datafield>
  <datafield tag="942" ind1=" " ind2=" ">
   <subfield code="a">Book</subfield>
  </datafield>
 </record>
</collection>
